| 000 | 00800cam a2200205 4500 | ||
|---|---|---|---|
| 001 | WS110470 | ||
| 008 | 000000n 000 0 eng u | ||
| 035 | _a(Sirsi) u110470 | ||
| 110 |
_aEuropean Concrete Societies Network _94010 |
||
| 245 | _aEuropean Concrete Societies Network | ||
| 520 | _aSite for this organisation which aims to 'promote the development of concrete technology and the use of concrete in Europe'. Includes details of ECSN Projects and links to member organisations. | ||
| 650 | _aEUROPE | ||
| 650 | _aINTERNATIONAL | ||
| 650 | _aCONCRETE | ||
| 650 | _aORGANISATION | ||
| 650 | _aBUILT ENVIRONMENT-BUILDING INSPECTION | ||
| 690 | _aBUILT ENVIRONMENT-BUILDING MATERIALS | ||
| 856 | 4 | 0 |
_uhttps://www.ecsn.net _zView the website free of charge at www.ecsn.net... |
| 942 | _n0 | ||
| 999 |
_c119754 _d119754 |
||